000 00357nam a2200133Ia 4500
008 240624s9999 xx 000 0 und d
041 _aeng
082 _a343.0999 VIS
100 _aVISHWANATHAN SURESH T
245 _aINDIAN CYBER LAW WITH INFORMATION TECHNO
260 _c2001
_aDelhi
_bBharat Law House
300 _a424 , p. , 23 , cm.
365 _cRS
_b20
999 _c11819
_d11819